000 00648nam a22002057a 4500
005 20241003112521.0
010 _aENG-141878
020 _a9789354420283
_c1295.00
035 _aEN-125410
037 _bDBAD
082 _a302.23
_21
245 _aHinglish Live:
_bLanguage Mixing Across Media/
_cEdited by Francesca Orsini [and] Ravikant
250 _a1
260 _aHyderabad
_bOrient BlackSwan
_c2022
270 _a3-6-752 Himayatnagar
_bHyderabad (Telangana)
_e500029
300 _ax,358p.
_c22cm(Hb)
700 _aOrsini, Francesca
_eEditor
_972315
700 _aRavikant
_eEditor
_972316
942 _2ddc
_cEN
_h302.23
_mHIN
999 _c206076
_d206076